000 00704cam a2200217 a 4500
001 2861552
005 20260422103637.0
008 850820s1986 inua b s001 0 eng
020 _a0253313767
020 _a9780253313768
050 0 0 _aBV4526.2
_b.M37 1986
082 0 0 _a291.1/783585/0973
_219
100 1 _aMcDannell, Colleen.
245 1 4 _aThe Christian home in Victorian America, 1840-1900 /
_cColleen McDannell.
260 _aBloomington :
_bIndiana University Press,
_cc1986.
300 _axvii, 193 p. :
_bill. ;
_c24 cm.
440 0 _aReligion in North America
500 _aIncludes index.
650 0 _aFamilies
_xReligious life
_zUnited States
_xHistory
_y19th century.
942 _2lcc
_cBK
_n0
999 _c9391
_d9391